Inapravukal/ (Record no. 19269)

000 -LEADER
fixed length control field 00387nam a22001571a 4500
020 ## - INTERNATIONAL STANDARD BOOK NUMBER
ISBN 9788185226217
082 ## - DEWEY DECIMAL CLASSIFICATION NUMBER
Classification number M3
Item number VAR/I
100 ## - MAIN ENTRY--AUTHOR NAME
Personal name Muttathu Varkey
245 ## - TITLE STATEMENT
Title Inapravukal/
Statement of responsibility, etc by Muttathu Varkey
260 ## - PUBLICATION, DISTRIBUTION, ETC. (IMPRINT)
Place of publication Kottayam:
Name of publisher Kairali Mudralayam,
Year of publication 1998.
300 ## - PHYSICAL DESCRIPTION
Number of Pages 135p.
650 ## - SUBJECT ADDED ENTRY--TOPICAL TERM
Topical Term Novel Malayalam
650 ## - SUBJECT ADDED ENTRY--TOPICAL TERM
Topical Term Literature Malayalam
650 ## - SUBJECT ADDED ENTRY--TOPICAL TERM
Topical Term Literature
942 ## - ADDED ENTRY ELEMENTS (KOHA)
Koha item type Book
Holdings
Withdrawn status Lost status Damaged status Not for loan Permanent Location Current Location Date acquired Cost, normal purchase price Full call number Accession Number Cost, replacement price Price effective from Koha item type
Write off   Damaged 1 Sree Sankaracharya University of Sanskrit Sree Sankaracharya University of Sanskrit 08.01.2015 45.00 M3 VAR INA N98 015808 0.00 08.01.2015 Book
Write off     1 Sree Sankaracharya University of Sanskrit Sree Sankaracharya University of Sanskrit 08.01.2015 45.00 M3 VAR INA N98 025459 0.00 08.01.2015 Book
        Sree Sankaracharya University of Sanskrit Sree Sankaracharya University of Sanskrit 08.01.2015 75.00 M3 VAR INA N98 063276 0.00 08.01.2015 Book